000 00641nam a22002057a 4500
005 20150319145551.0
010 _aENG-112168
020 _a9788174877482
_c325.00
020 _a8174877487
_c325.00
035 _aEN-95700
037 _bDBAD/PUB
082 _a891.4
245 _aEssay on Indian writing in English /
_cedited by Kanwar Dinesh Singh
260 _aNew Delhi
_bRadha Publications
_c2011
270 _a4231/1, Ansari Road, Daryaganj
_bNew Delhi
_e110002
300 _axv,126p.
_c22cm(Hb)
500 _aIncludes bibliographical references
700 _aKanwar Dinesh Singh
942 _2ddc
_cEN
_mESS
_h891.4
999 _c91400
_d91400